Folclor religioso chileno

Gardado en:
Detalles Bibliográficos
Autor Principal: Plath, Oreste (Author)
Formato: Libro
Idioma:Lingua castelá
Publicado: Santiago Grijalbo 2000
Edición:3a. ed
Subjects:
Tags: Engadir etiqueta
Sen Etiquetas, Sexa o primeiro en etiquetar este rexistro!

MARC

LEADER 00000nam a2200000 a 4500
001 UCK6599
003 CL-VaPUC
008 051007e20000800CL |||||||||||||||||spa|d
020 |a 9562580490 
082 0 4 |a 291.3  |b PLA  |2 21 
100 0 |a Plath, Oreste  |e author  |9 330038 
245 1 0 |a Folclor religioso chileno 
250 |a 3a. ed 
300 |a 225 p 
942 |c BK 
945 |d 20051007 00:00:00  |a castudil 
260 |a Santiago  |b Grijalbo  |c 2000 
650 7 |a FOLKLORE  |2 CL-VaPUC  |9 268291 
650 0 |a Hermandad   |9 496034 
650 0 |a Cofradías  |9 394710 
650 0 |a Costumbres y tradiciones   |9 268292 
650 0 |a Cultura  |9 269059 
650 7 |a CONJUROS  |2 CL-VaPUC  |9 496035 
650 0 |a Creencias  |9 313510 
650 7 |a MAGIA  |2 CL-VaPUC  |9 319651 
650 0 |a Muerte  |9 265114 
650 7 |a REFRANES  |2 CL-VaPUC  |9 373405 
651 7 |a CHILE  |2 CL-VaPUC  |9 496036 
583 |a last modification  |c 20051007 00:00:00  |k Rodrigo Vera 
999 |c 314872  |d 314870 
952 |0 0  |1 0  |4 0  |6 291_300000000000000_PLA_2000  |7 0  |8 X  |9 387657  |a FDOMLP  |b FDOMLP  |d 2019-11-22  |i 4110668  |o 291.3 PLA 2000  |p 4110668  |r 2019-11-22  |w 2019-11-22  |y BK_X  |k BU2 
952 |0 0  |1 0  |4 0  |6 291_300000000000000_PLA_2000  |7 0  |8 X  |9 387658  |a FDOMLP  |b FDOMLP  |d 2019-11-22  |i 4324498  |o 291.3 PLA 2000  |p 4324498  |r 2019-11-22  |w 2019-11-22  |y BK_X  |k BU2